LEADER 00948nam a2200265 i 4500 001 000000105082 003 CaOOAMICUS 005 20020131000000.0 008 020131s1968 be u000 u lat u 013 $a77271 040 $aSeMil$bita 245 10$a[Volume 1]. 300 $aXVIII, 444 p. 490 0 $aCorpus Christianorum. Series Latina ;$v91. 700 0 $aFulgentius,$c.$0(OLS)http://semarc/name/89130 773 0 $aFulgentius $tOpera.$dTurnholti : Brepols, 1968.$w()738 830 0$aCorpus Christianorum. Series Latina ;$v91.$0(OLS)http://semarc/title/37 850 $aSeMil 852 $aSeMil$W1$xVenegono$y1$mSL2.J II 91$j61356$B61356$CSeMilBibl$Z2$F70675 $8I 900 0 $aFulgenzio : di Ruspe. 900 0 $aFulgentius : Aphrus. 961 $aSottoscrizione: Brepols 996 $6245$a[Volume 1]$9(OLS)http://semarc/title/52763 LEADER 01004nam a2200229 i 4500 001 000000114591 003 CaOOAMICUS 005 20030422000000.0 008 030422n it u000 u ita u 013 $a87278 040 $aSeMil$bita 245 10$aTesti, traduzione e note. 300 $aXXXIX, 885 p. 490 0 $aNuova raccolta di classici italiani annotati ;$v6 500 $aContiene : Bibliografia delle opere citate abbreviatamente nelle note. 700 1 $aMaggi, Carlo Maria,$d<1630-1699>.$0(OLS)http://semarc/name/4534 773 0 $aMaggi, Carlo Maria <1630-1699>$tTeatro milanese.$dTorino : Einaudi, 1964.$kNuova raccolta di classici italiani annotati$g1$w()9147 830 0$aNuova raccolta di classici italiani annotati ;$v6.$0(OLS)http://semarc/title/12077 850 $aSeMil 852 $aSeMil$W1$xVenegono$y1$m1D VI 121$j70147$B70147$CSeMilBibl$Z2$F102595 $81 961 $aOmaggio: Martini Card. Carlo Maria 996 $6245$aTesti, traduzione e note$9(OLS)http://semarc/title/167543